LDR 00783naa#a2200193#i#450# 001 EN\\bibl\118713 005 20260514184438.4 011 ## _a1994-4683 100 ## _a20230428b2023####ek#y0engy0150####ca 102 ## _aRU 200 1# _aSPECIAL CORPORATE OFFERS AS A WAY TO INVOLVE THE STAFF OF THE UNIVERSITY TO A HEALTHY LIFESTYLE _eJournal article 210 1# _aMoscow _cNational State University of Physical Education, Sports and Health named after P.F. Lesgaft _d2023 215 ## _a3 с. 608 ## _aJournal article _2local 675 ## _aФилософские и научно-теоретические основы физической культуры и спорта. 796.011 _z 700 #1 _aLevchenko _gA V 700 #1 _aNikolaev _gP P 700 #1 _aZHukova _gE I 856 4# _auchzapiski.lesgaft.spb.ru _u